The presidential character: predicting performance in the White House

I tiakina i:
Ngā taipitopito rārangi puna kōrero
Kaituhi matua: Barber, James David (Author)
Hōputu: Pukapuka
Reo:Ingarihi
I whakaputaina: Englewood Cliffs Prentice-Hall 1972
Ngā marau:
Ngā Tūtohu: Tāpirihia he Tūtohu
Kāore He Tūtohu, Me noho koe te mea tuatahi ki te tūtohu i tēnei pūkete!

MARC

LEADER 00000nam a2200000 a 4500
001 UCO8012
003 CL-VaPUC
008 001124e19720000us |||||||||||||||||eng|d
082 0 4 |a 973.0992  |b BAR  |2 21 
100 0 |a Barber, James David  |e author  |9 452830 
245 1 4 |a The presidential character: predicting performance in the White House 
300 |a 479 p 
942 |c BK 
945 |d 20001124 00:00:00  |a crobeson 
260 |a Englewood Cliffs  |b Prentice-Hall  |c 1972 
500 |a Donación del profesor Manfred Wilhelmy von Wolff 
650 0 |a Presidentes  |9 255176 
650 0 |a Predicción   |9 334578 
650 7 |a PSICOLOGIA POLITICA  |2 CL-VaPUC  |9 317476 
650 0 |a Liderazgo  |9 271835 
650 0 |a Estudio de casos   |9 257099 
651 0 |a Estados Unidos  |9 255178 
583 |a last modification  |c 20150429 04:32:10  |k Rodrigo Vera 
999 |c 292824  |d 292822 
952 |0 0  |1 0  |4 0  |6 973_099200000000000_BAR_1972  |7 0  |8 A  |9 343897  |a BIBHIS  |b BIBHIS  |d 2019-11-20  |i 1235303  |o 973.0992 BAR 1972  |p 1235303  |r 2025-01-20  |w 2019-11-20  |y BK  |k HIS